JR北海道の始発列車が設定されている駅 - Statistics

General Stats
  • This quiz has been taken 52 times
  • The average score is 67 of 79
Answer Stats
Answer % Correct
新青森
100%
新函館北斗
100%
函館
100%
新函館北斗
100%
小樽
100%
札幌
100%
旭川
100%
釧路
100%
根室
100%
千歳
100%
新千歳空港
100%
室蘭
100%
旭川
100%
旭川
100%
稚内
100%
網走
100%
旭川
100%
網走
100%
98%
長万部
98%
岩見沢
98%
富良野
98%
帯広
98%
長万部
98%
富良野
98%
石狩沼田
98%
名寄
98%
滝川
96%
深川
96%
滝川
96%
新得
96%
東室蘭
96%
深川
96%
音威子府
96%
遠軽
96%
苫小牧
93%
新夕張
93%
北見
93%
苫小牧
93%
大沼公園
91%
手稲
91%
北海道医療大学
91%
鵡川
91%
倶知安
89%
厚岸
89%
余市
87%
美瑛
87%
上川
87%
追分
84%
江別
82%
白糠
82%
比布
82%
ほしみ
80%
芽室
80%
池田
80%
北広島
80%
知床斜里
80%
留辺蘂
80%
当別
80%
伊達紋別
78%
あいの里公園
78%
白滝
76%
芦別
73%
永山
71%
蘭越
69%
浦幌
69%
摩周
67%
然別
62%
豊浦
62%
西留辺蘂
62%
音別
60%
川湯温泉
60%
大楽毛
58%
58%
当麻
58%
糸井
51%
伊香牛
44%
東相内
42%
厚内
29%
No matching quizzes found
Score Distribution
Percent of People with Each Score
Percentile by Number Answered
Your Score History
You have not taken this quiz